000 00501nam a22001695i 4500
001 48261
003 ES-MaACL
005 20230906161724.0
007 t|
008 950710s1900 fr ||||1| fre d
040 _aCAM
_bspa
_cCAM
100 1 _aChevrier, G.
_938440
245 1 0 _aPratique industrielle des courants alternatifs
_b: courants monophasés /
_cpar G. Chevrier.
260 _aParis :
_bGeorges Carré et C. Naud,
_c1900.
300 _aII, 268 p. ;
_c22 cm.
852 _aES-MaACL
_jB-12735
999 _c48261
_d48261